MDQL
is popping MORE tags! Check the
thread
!
Quizzes
Events
Quiz Creation
Community
Videos
Private Events
Remove Ads
Sign In
Join for FREE
Feedback
Dark Mode
Quiz Categories
Sports
Geography
Music
Movies
Television
Just For Fun
Miscellaneous
History
Literature
Language
Science
Gaming
Entertainment
Religion
Holiday
For Kids
Quiz Lab
Recent
Popular Today
Quiz Kudos Today
Editor Picks
Curator Picks
Quizzes by...
Day
Popularity
Type
Ratings
Length
Year
Community
Subscriptions
Recent Discussions
Orange Saloon
Badges
Playlists
Quests
Create
Leaderboards
Showdown
Live 5
Trivia Bingo
Activity
Puzzle Library
Sporcle Events
Private Events
Virtual Trivia
Globe League
Become a Host
Pub Owners
SporcleCon
Opinionation
Our Games
Videos
Blog
Mobile Apps
Partnerships
Remove Ads and Go Orange
Feedback
Movies
Disney
Marvel Cinematic Universe
Movie Resume
Movie Titles
Oscar
Actor
Actress
Director
Pixar
Role
Movie Quotes
Movie Characters
Box Office
Nominee
Best Picture
Star Wars
James Bond
Horror Movies
Movies
Disney
Marvel Cinematic Universe
Movie Resume
Movie Titles
Oscar
Actor
Actress
Director
Pixar
Role
Movie Quotes
Movie Characters
Box Office
Nominee
Best Picture
Star Wars
James Bond
Horror Movies
Random Quiz
Search Sporcle
×
Quiz Lab
Quiz Lab
Movies
Actress
Type in answers that appear in a list
Type in answers that appear in a list
Classic
Best Score? Go Orange.
Lake Bell movies Stats
Can you name the Lake Bell movies?
By
KConner
5m
26 Questions
18 Plays
18 Plays
18 Plays
Comments
Comments
Give Quiz Kudos
Give Quiz Kudos
-
- Ratings
hide this ad
More Info
Replay
Link that replays current quiz
Next Quiz
Link to next quiz in quiz playlist
You Got
0%
They Got
Avg Score
30%
Avg Friend Score
Upgrade to see
Score Distribution
Jump to the score distribution portion of the page
Score
0/26
Timer
05:00
0
Plays Today
Year
Answer
% Correct
2019
The Secret Life of Pets 2
80%
2013
In a World...
77.8%
2016
The Secret Life of Pets
61.1%
2018
Spider-Man: Into the Spider-Verse
60%
2015
Man Up
50%
2009
It's Complicated
50%
2015
No Escape
38.9%
2012
Black Rock
38.9%
2011
No Strings Attached
38.9%
2011
Little Murder
33.3%
2017
Home Again
27.8%
2017
Shot Caller
27.8%
2014
Mr. Peabody & Sherman
27.8%
Year
Answer
% Correct
2010
Burning Palms
27.8%
2010
Shrek Forever After
27.8%
2008
Pride and Glory
27.8%
2008
What Happens in Vegas
27.8%
2008
Over Her Dead Body
27.8%
2002
Speakeasy
27.8%
2014
Million Dollar Arm
22.2%
2011
A Good Old Fashioned Orgy
22.2%
2008
Under Still Waters
22.2%
2017
I Do... Until I Don't
16.7%
2006
Rampage: The Hillside Stranglers Movie
16.7%
2004
Slammed
16.7%
2003
I Love Your Work
11.1%
Quiz Playlist
Details
Report
Send in Message
Add To Playlist
More Info:
'*' indicates a voice role
Classic:
Type in answers that appear in a list
Quiz Source
Last Updated: Mar 8, 2018
Quiz Scoreboard
CHALLENGE
Sign Up to Join the Scoreboard
Show All
Scores
Hide
Comments
May contain spoilers
Recently Published
Find the 'City' Movie
by crazypaving
Movies
60s
5x2 Blitz: Bands
by SL_Kpop136
Music
30s
Colored Red Africa Blitz
by spor1
Geography
30s
More to Explore
Quiz From the Vault
Featured Blog Post
14 Easter Pick-up Lines to Find Eggs With
hide this ad
You Might Also Like...
Tags
Actress Quiz
bell
Character
lake
Today's Top Quizzes in Movies
Browse Movies
hide this ad
Today's Top Quizzes in Actress
Browse Actress
Top Contributed Quizzes in Movies
1
Find The 'Big' Movie
2
Find The 'Blue' Movie
3
Find The 'Wild' Movie
4
Hidden Star Wars Character II
5
Pick 5 Posters: Directed by Spielberg
6
Hidden Star Wars Character III
7
Hidden Star Wars Character IV
8
Movies By Plot
9
Alfred Hitchcock Movies by Plot
10
Hidden Star Wars Character V
Explore More
Trending Topics
NBA
Disney
Marvel
Kpop
Harry Potter
Anime
Crossword
Song
The Office
WWE
Pokémon
Soccer
Puzzle
NFL
Country
hide this ad
More By:
KConner
Quiz
Plays
Rating
Category
Featured
Created
Quick Pick: Missing word Philip Seymour Hoffman movies
64
3.67
Movies
Aug 3, 2018
Quick Pick : Whole Nine Yards Character match
52
4.00
Just For Fun
Mar 10, 2018
Amanda Peet Movies
25
4.60
Movies
Mar 9, 2018
Lake Bell movies
18
4.25
Movies
Mar 8, 2018
Go to Creator's Profile
Score Distribution
Quiz Creator Spotlight
KConner
Follow
Send a Message
Quizzes Created
-
Created Quiz Play Count
-
More By This Creator
Popular Quizzes Today
1
5x2 Blitz: Bands
2
Find the 'City' Movie
3
Colored Red Africa Blitz
4
Find the US States - No Outlines Minefield
5
The Countries of the World
6
Find the US States
7
9x9 Crossword: Cartoon Network
8
US States
More Movies Quizzes
Alive at the End?
Published
Trending Quizzes
Colored Red Africa Blitz II
Colored Red Europe Blitz I
Christmas Pick: Judaism
Colored Red Africa Blitz III
Colored Red Europe Blitz II
Recently Updated
Champions League XIs: Real Madrid
pecheneg
Largest US Cities 1790-2010
pecheneg
Rides in Walt Disney World
pecheneg
Most Oscar Losses (Acting)
pecheneg
Beyoncé Albums
pecheneg
Leaping Animals
pecheneg
Reality TV Shows (A-Z)
bhenderson79
Rickey Henderson's Hall of Fame Teammates
pecheneg
Champions League XIs: Arsenal
pecheneg
Quick Pick: Celebrities in WWE's Hall of Fame
aduchscher
Trending Topics
Kpop
Crossword
Harry Potter
NBA
Marvel
Disney
Anime
NFL
Soccer
The Office
Song
Pokémon
Puzzle
Country
WWE
Your Account Isn't Verified!
In order to create a playlist on Sporcle, you need to verify the email address you used during registration. Go to your
Sporcle Settings
to finish the process.
Report this User
Report this user for behavior that violates our
Community Guidelines
.
Details:
Send Report
Go to the Sporcle.com Mobile Site →
Comments